000 00801cam a22002292 4500
001 0000019065
005 20151217152144.0
008 100907s xx 000 0 eng d
020 _a0802895514 ( v. 1) :
020 _a0802895522 ( v. 2)
040 _aKABU
_cKABU
050 0 _aBS1515.3
_b.Y68 1965
100 1 _aYoung, Edward J.
_@0000178658
245 1 4 _aThe Book of Isaiah :
_bthe English text, with introduction, exposition, and notes /
_cEdward J. Young.
260 _aGrand Rapids, Michigan :
_bW. B. Eerdmans,
_c1965.
300 _a2 v.
630 0 0 _aBible.
_pO.T.
_pIsaiah.
_xCommentaries.
_@0000159973
852 1 _9p500 KES
852 1 _9p500 KES
908 _a100907
950 _@1
999 _c8796
_d8796